| Tag |
First Indicator |
Second Indicator |
Subfields |
| LEADER |
00000cgm a2200000Mi 4500 |
| 001 |
in00005588024 |
| 006 |
m o c |
| 007 |
cr |n||||||||a |
| 007 |
vz |za|z| |
| 008 |
190425s2000 txu005 e o vueng d |
| 005 |
20241201233156.5 |
| 035 |
|
|
|a (OCoLC)on1104050556
|
| 040 |
|
|
|a ALSTP
|b eng
|e rda
|e pn
|c ALSTP
|d OCLCO
|d OCLCF
|d OCLCQ
|d OCLCA
|d OCLCO
|d OCLCQ
|d DXU
|
| 019 |
|
|
|a 1373521960
|a 1443944851
|
| 035 |
|
|
|a (OCoLC)1104050556
|z (OCoLC)1373521960
|z (OCoLC)1443944851
|
| 049 |
|
|
|a TXAM
|
| 245 |
0 |
0 |
|a Choices & change :
|b macroeconomics.
|n Lesson 2,
|p Confronting scarcity.
|n Part 5 /
|c producer/director Ken Harrison.
|
| 264 |
|
1 |
|a Dallas, TX :
|b Dallas County Community College District,
|c 2000.
|
| 300 |
|
|
|a 1 online resource (5 min.)
|
| 306 |
|
|
|a 000439
|
| 336 |
|
|
|a two-dimensional moving image
|b tdi
|2 rdacontent
|
| 337 |
|
|
|a computer
|b c
|2 rdamedia
|
| 337 |
|
|
|a video
|b v
|2 rdamedia
|
| 338 |
|
|
|a online resource
|b cr
|2 rdacarrier
|
| 347 |
|
|
|a video file
|2 rda
|
| 490 |
0 |
|
|a Academic Video Online
|
| 500 |
|
|
|a Title from resource description page (viewed May 22, 2019).
|
| 520 |
|
|
|a This Part 5 of Lesson 2, Confronting Scarcity is about comparative advantage of countries like United States and Brazil in which they benefit from international trade.
|
| 546 |
|
|
|a In English.
|
| 650 |
|
0 |
|a Economics.
|
| 650 |
|
0 |
|a Comparative advantage (International trade)
|
| 650 |
|
0 |
|a Macroeconomics.
|
| 650 |
|
2 |
|a Economics
|
| 650 |
|
6 |
|a Économie politique.
|
| 650 |
|
6 |
|a Avantage comparatif (Commerce international)
|
| 650 |
|
6 |
|a Macroéconomie.
|
| 650 |
|
7 |
|a Comparative advantage (International trade)
|2 fast
|0 (OCoLC)fst00871316
|
| 650 |
|
7 |
|a Economics.
|2 fast
|0 (OCoLC)fst00902116
|
| 650 |
|
7 |
|a Macroeconomics.
|2 fast
|0 (OCoLC)fst01005221
|
| 655 |
|
7 |
|a Educational films.
|2 fast
|0 (OCoLC)fst01726235
|
| 655 |
|
7 |
|a Educational films.
|2 lcgft
|
| 655 |
|
7 |
|a Films éducatifs.
|2 rvmgf
|
| 700 |
1 |
|
|a Harrison, Ken
|c (Producer and director),
|e producer,
|e director.
|
| 700 |
1 |
|
|a Owens, Katherine,
|e narrator.
|
| 710 |
2 |
|
|a Dallas TeleLearning (Firm),
|e production company.
|
| 856 |
4 |
0 |
|u http://proxy.library.tamu.edu/login?url=https://www.aspresolver.com/aspresolver.asp?MARC;3224577
|z Connect to this streaming video (Alexander Street Press)
|t 0
|
| 955 |
|
|
|a Alexander Street Press subscription streaming video
|
| 994 |
|
|
|a 92
|b TXA
|
| 999 |
f |
f |
|s cc19ea5d-24ee-4313-b6f2-2d47137598fb
|i 88a315a6-c497-4b4c-9f2d-809130bc67aa
|t 0
|
| 952 |
f |
f |
|a Texas A&M University
|b College Station
|c Electronic Resources
|d Available Online
|t 0
|h Library of Congress classification
|
| 998 |
f |
f |
|t 0
|l Available Online
|